000 00399nam a2200145Ia 4500
008 151213s9999 xx 000 0 und d
100 _aEd. By C. K. Hillegass
245 _aArms and The Man
_cEd. By C. K. Hillegass
260 _aU S A
_bChitfs Notes
_c1950
300 _a4891 p.
650 _aEnglish Literature
650 _aEnglish Literature
700 _aEd. By C. K. Hillegass
999 _c3074
_d3074